[Event "FRA Top 16 Higher Pool U16"]
[Site "France"]
[Date "2022.06.05"]
[Round "2.6"]
[White "Ratsirahonana, Charles"]
[Black "Pizon, Edwin"]
[Result "1-0"]
[WhiteElo "1168"]
[BlackElo "1367"]
[PlyCount "79"]
[EventDate "2022.06.04"]
[EventType "tourn"]
[EventRounds "4"]
[EventCountry "FRA"]
[SourceTitle "EXT 2023"]
[Source "ChessBase"]
[SourceDate "2022.10.05"]
[SourceVersion "1"]
[SourceVersionDate "2022.10.05"]
[SourceQuality "1"]

1. e4 e5 2. Nf3 Nc6 3. Bb5 Nge7 4. c3 g6 5. 0-0 Bg7 6. d4 exd4 7. cxd4 d5 8. e5 0-0 9. h3 Be6 10. Nc3 Na5 11. Ne2 c6 12. Bd3 Nc4 13. b3 Nb6 14. Ba3 Re8 15. Nf4 Bd7 16. Re1 Nf5 17. Bxf5 Bxf5 18. g4 Bd7 19. Nd3 Qc8 20. Nh2 g5 21. Nc5 f6 22. Nxd7 Qxd7 23. Nf3 Qf7 24. Re3 Re6 25. Qd3 Rae8 26. Rae1 Nd7 27. Qf5 h6 28. Bd6 Rd8 29. h4 a6 30. Kg2 Rc8 31. hxg5 hxg5 32. Rh1 Bh8 33. Nxg5 fxg5 34. Rxh8+ Kxh8 35. Qxf7 Rh6 36. Qxd7 Rg8 37. e6 b5 38. Be5+ Rf6 39. Bxf6+ Rg7 40. Qxg7# 1-0